Central Library OPAC University of Rajshahi

The Catholic Church and the race question / (Record no. 31843)

MARC details
000 -LEADER
fixed length control field 00837cam a22002771 4500
001 - CONTROL NUMBER
control field 31843
003 - CONTROL NUMBER IDENTIFIER
rucl marc code BD-RjUL
005 - DATE AND TIME OF LATEST TRANSACTION
control field 20211209051745.0
008 - FIXED-LENGTH DATA ELEMENTS--GENERAL INFORMATION
fixed length control field 140422s1953 fr b i000 0 eng
035 ## - SYSTEM CONTROL NUMBER
System control number (BD-RjUL)31931
System control number (OCoLC)287523
040 ## - CATALOGING SOURCE
Original cataloging agency DLC
Transcribing agency OHirC
Modifying agency OCoLC
-- DLC
-- BD-RjUL
Language of cataloging eng
041 ## - LANGUAGE CODE
Language code of text/sound track or separate title eng
082 ## - DEWEY DECIMAL CLASSIFICATION NUMBER
Classification number 261.8
Author mark and year COC 1953
100 1# - MAIN ENTRY--PERSONAL NAME
Personal name Congar, Marie Joseph.
Dates associated with a name 1904-
9 (RLIN) 96923
245 14 - TITLE STATEMENT
Title The Catholic Church and the race question /
Statement of responsibility, etc. Marie Joseph Congar.
260 ## - PUBLICATION, DISTRIBUTION, ETC. (IMPRINT)
Place of publication, distribution, etc. Paris :
Name of publisher, distributor, etc. UNESCO,
Date of publication, distribution, etc. 1953.
300 ## - PHYSICAL DESCRIPTION
Pagination 62 p. ;
Size 22 cm.
490 1# - SERIES STATEMENT
Series statement The race question and modern thought
504 ## - BIBLIOGRAPHY, ETC. NOTE
Bibliography, etc Bibliography: p. 59-62.
650 #0 - SUBJECT ADDED ENTRY--TOPICAL TERM
Topical term or geographic name as entry element Race relations.
9 (RLIN) 96924
Topical term or geographic name as entry element Church and social problems
General subdivision Catholic Church.
9 (RLIN) 96925
942 ## - ADDED ENTRY ELEMENTS (KOHA)
Source of classification or shelving scheme Dewey Decimal Classification
Koha item type Books
Holdings
Lost status Source of classification or shelving scheme Damaged status Not for loan Collection code Permanent Location Current Location Shelving location Date acquired Source of acquisition Cost, normal purchase price Total Checkouts Full call number Date last seen Copy number Koha item type
  Dewey Decimal Classification   Not For Loan Non-fiction Central Library, University of Rajshahi Central Library, University of Rajshahi Reading Room 05/04/1955 F.Sons,Dhaka. 1.00   261.8 COC 1953 22/04/2014 C-1 Books